<?xml version="1.0" encoding="UTF-8"?>
<record
    xmlns:xsi="http://www.w3.org/2001/XMLSchema-instance"
    xsi:schemaLocation="http://www.loc.gov/MARC21/slim http://www.loc.gov/standards/marcxml/schema/MARC21slim.xsd"
    xmlns="http://www.loc.gov/MARC21/slim">

  <leader>01776nam0a2200385   4500</leader>
  <controlfield tag="001">RU\NLR\bibl\322512</controlfield>
  <controlfield tag="005">20260407073505.0</controlfield>
  <datafield tag="010" ind1=" " ind2=" ">
    <subfield code="a">5-7205-0461-3</subfield>
    <subfield code="9">2500</subfield>
  </datafield>
  <datafield tag="021" ind1=" " ind2=" ">
    <subfield code="a">RU</subfield>
    <subfield code="b">2002-33644</subfield>
    <subfield code="9">1655</subfield>
  </datafield>
  <datafield tag="035" ind1=" " ind2=" ">
    <subfield code="a">(NLR Aleph) 000317539</subfield>
  </datafield>
  <datafield tag="090" ind1=" " ind2=" ">
    <subfield code="a">76464</subfield>
    <subfield code="c">76464</subfield>
  </datafield>
  <datafield tag="100" ind1=" " ind2=" ">
    <subfield code="a">20021016d2002    |||y0rusy50      ca</subfield>
  </datafield>
  <datafield tag="101" ind1="0" ind2=" ">
    <subfield code="a">rus</subfield>
  </datafield>
  <datafield tag="102" ind1=" " ind2=" ">
    <subfield code="a">RU</subfield>
  </datafield>
  <datafield tag="105" ind1=" " ind2=" ">
    <subfield code="a">y   |||||||||</subfield>
  </datafield>
  <datafield tag="200" ind1="1" ind2=" ">
    <subfield code="a">&#x41A;&#x43E;&#x43C;&#x43C;&#x435;&#x43D;&#x442;&#x430;&#x440;&#x438;&#x439; &#x43A; &#x417;&#x430;&#x43A;&#x43E;&#x43D;&#x443; &#x43E; &#x433;&#x43E;&#x441;&#x443;&#x434;&#x430;&#x440;&#x441;&#x442;&#x432;&#x435;&#x43D;&#x43D;&#x43E;&#x43C; &#x437;&#x435;&#x43C;&#x435;&#x43B;&#x44C;&#x43D;&#x43E;&#x43C; &#x43A;&#x430;&#x434;&#x430;&#x441;&#x442;&#x440;&#x435;</subfield>
    <subfield code="e">(&#x41F;&#x43E;&#x441;&#x442;&#x430;&#x442;&#x435;&#x439;&#x43D;&#x44B;&#x439;)</subfield>
    <subfield code="f">[&#x413;&#x430;&#x43B;&#x438;&#x43D;&#x43E;&#x432;&#x441;&#x43A;&#x430;&#x44F; &#x415;. &#x410;. &#x438; &#x434;&#x440;.]</subfield>
    <subfield code="g">&#x41F;&#x43E;&#x434; &#x440;&#x435;&#x434;. &#x415;. &#x410;. &#x413;&#x430;&#x43B;&#x438;&#x43D;&#x43E;&#x432;&#x441;&#x43A;&#x43E;&#x439;</subfield>
  </datafield>
  <datafield tag="210" ind1=" " ind2=" ">
    <subfield code="a">&#x41C;.</subfield>
    <subfield code="c">&#x42E;&#x441;&#x442;&#x438;&#x446;&#x438;&#x43D;&#x444;&#x43E;&#x440;&#x43C;</subfield>
    <subfield code="d">2002</subfield>
  </datafield>
  <datafield tag="215" ind1=" " ind2=" ">
    <subfield code="a">151 &#x441;.</subfield>
    <subfield code="d">21</subfield>
  </datafield>
  <datafield tag="225" ind1="1" ind2=" ">
    <subfield code="a">&#x411;&#x438;&#x431;&#x43B;&#x438;&#x43E;&#x442;&#x435;&#x43A;&#x430; &#x436;&#x443;&#x440;&#x43D;&#x430;&#x43B;&#x430; "&#x41F;&#x440;&#x430;&#x432;&#x43E; &#x438; &#x44D;&#x43A;&#x43E;&#x43D;&#x43E;&#x43C;&#x438;&#x43A;&#x430;"</subfield>
  </datafield>
  <datafield tag="606" ind1="0" ind2=" ">
    <subfield code="a">&#x417;&#x435;&#x43C;&#x435;&#x43B;&#x44C;&#x43D;&#x44B;&#x439; &#x43A;&#x430;&#x434;&#x430;&#x441;&#x442;&#x440;</subfield>
    <subfield code="j">&#x417;&#x430;&#x43A;&#x43E;&#x43D;&#x44B;, &#x43F;&#x43E;&#x441;&#x442;&#x430;&#x43D;&#x43E;&#x432;&#x43B;&#x435;&#x43D;&#x438;&#x44F; &#x438; &#x442;.&#x43F;.</subfield>
    <subfield code="j">&#x41A;&#x43E;&#x43C;&#x43C;&#x435;&#x43D;&#x442;&#x430;&#x440;&#x438;&#x438;</subfield>
    <subfield code="y">&#x420;&#x43E;&#x441;&#x441;&#x438;&#x439;&#x441;&#x43A;&#x430;&#x44F; &#x424;&#x435;&#x434;&#x435;&#x440;&#x430;&#x446;&#x438;&#x44F;</subfield>
    <subfield code="9">2135892</subfield>
    <subfield code="3">RU\NLR\auth\661287957</subfield>
  </datafield>
  <datafield tag="606" ind1="0" ind2=" ">
    <subfield code="a">&#x417;&#x435;&#x43C;&#x435;&#x43B;&#x44C;&#x43D;&#x44B;&#x439; &#x43A;&#x430;&#x434;&#x430;&#x441;&#x442;&#x440;</subfield>
    <subfield code="j">&#x417;&#x430;&#x43A;&#x43E;&#x43D;&#x43E;&#x434;&#x430;&#x442;&#x435;&#x43B;&#x44C;&#x43D;&#x44B;&#x435; &#x43C;&#x430;&#x442;&#x435;&#x440;&#x438;&#x430;&#x43B;&#x44B;</subfield>
    <subfield code="j">&#x41A;&#x43E;&#x43C;&#x43C;&#x435;&#x43D;&#x442;&#x430;&#x440;&#x438;&#x438;</subfield>
    <subfield code="y">&#x420;&#x43E;&#x441;&#x441;&#x438;&#x439;&#x441;&#x43A;&#x430;&#x44F; &#x424;&#x435;&#x434;&#x435;&#x440;&#x430;&#x446;&#x438;&#x44F;</subfield>
    <subfield code="9">2135892</subfield>
    <subfield code="3">RU\NLR\auth\661287957</subfield>
  </datafield>
  <datafield tag="610" ind1="0" ind2=" ">
    <subfield code="a">&#x417;&#x435;&#x43C;&#x435;&#x43B;&#x44C;&#x43D;&#x44B;&#x439; &#x43A;&#x430;&#x434;&#x430;&#x441;&#x442;&#x440; &#x420;&#x43E;&#x441;&#x441;&#x438;&#x439;&#x441;&#x43A;&#x43E;&#x439; &#x424;&#x435;&#x434;&#x435;&#x440;&#x430;&#x446;&#x438;&#x438; - &#x417;&#x430;&#x43A;&#x43E;&#x43D;&#x43E;&#x434;&#x430;&#x442;&#x435;&#x43B;&#x44C;&#x441;&#x442;&#x432;&#x43E;</subfield>
  </datafield>
  <datafield tag="675" ind1=" " ind2=" ">
    <subfield code="a">349.4(470)(094.5.072)</subfield>
    <subfield code="v">3</subfield>
    <subfield code="z">rus</subfield>
  </datafield>
  <datafield tag="686" ind1=" " ind2=" ">
    <subfield code="a">10.55</subfield>
    <subfield code="2">rugasnti</subfield>
  </datafield>
  <datafield tag="686" ind1=" " ind2=" ">
    <subfield code="a">67.407</subfield>
    <subfield code="2">rubbk</subfield>
  </datafield>
  <datafield tag="686" ind1=" " ind2=" ">
    <subfield code="a">&#x425;625.511-39(2&#x420;)</subfield>
  </datafield>
  <datafield tag="702" ind1=" " ind2="1">
    <subfield code="a">&#x413;&#x430;&#x43B;&#x438;&#x43D;&#x43E;&#x432;&#x441;&#x43A;&#x430;&#x44F;</subfield>
    <subfield code="b">&#x415;. &#x410;.</subfield>
    <subfield code="4">220</subfield>
  </datafield>
  <datafield tag="741" ind1=" " ind2="1">
    <subfield code="a">&#x420;&#x43E;&#x441;&#x441;&#x438;&#x439;&#x441;&#x43A;&#x430;&#x44F; &#x424;&#x435;&#x434;&#x435;&#x440;&#x430;&#x446;&#x438;&#x44F;</subfield>
    <subfield code="t">&#x417;&#x430;&#x43A;&#x43E;&#x43D;&#x44B;</subfield>
    <subfield code="3">RU\NLR\AUTH\883331</subfield>
    <subfield code="9">277893</subfield>
  </datafield>
  <datafield tag="801" ind1=" " ind2="0">
    <subfield code="a">RU</subfield>
    <subfield code="b">RKP</subfield>
    <subfield code="c">20021016</subfield>
    <subfield code="g">PSBO</subfield>
  </datafield>
  <datafield tag="801" ind1=" " ind2="1">
    <subfield code="a">RU</subfield>
    <subfield code="b">RKP</subfield>
    <subfield code="c">20021016</subfield>
  </datafield>
  <datafield tag="801" ind1=" " ind2="2">
    <subfield code="a">RU</subfield>
    <subfield code="b">NLR</subfield>
    <subfield code="c">20081119</subfield>
    <subfield code="g">rcr</subfield>
  </datafield>
  <datafield tag="942" ind1=" " ind2=" ">
    <subfield code="c">BOOK</subfield>
  </datafield>
  <datafield tag="980" ind1=" " ind2=" ">
    <subfield code="a">NB</subfield>
  </datafield>
  <datafield tag="995" ind1=" " ind2=" ">
    <subfield code="5">2002-10-21</subfield>
    <subfield code="a">ad</subfield>
    <subfield code="b">NLR01</subfield>
    <subfield code="c">NLR01</subfield>
    <subfield code="e">RF8</subfield>
    <subfield code="f">350883</subfield>
    <subfield code="k">2002-3/26466</subfield>
    <subfield code="o">0</subfield>
    <subfield code="r">BOOK</subfield>
    <subfield code="s">2002326466_</subfield>
  </datafield>
  <datafield tag="995" ind1=" " ind2=" ">
    <subfield code="5">2002-10-21</subfield>
    <subfield code="a">ad</subfield>
    <subfield code="b">NLR01</subfield>
    <subfield code="c">NLR01</subfield>
    <subfield code="e">RF8</subfield>
    <subfield code="f">350884</subfield>
    <subfield code="k">2002-3/26466</subfield>
    <subfield code="o">0</subfield>
    <subfield code="r">BOOK</subfield>
    <subfield code="s">2002326466_</subfield>
  </datafield>
  <datafield tag="995" ind1=" " ind2=" ">
    <subfield code="5">2003-03-17</subfield>
    <subfield code="a">aa</subfield>
    <subfield code="b">NLR01</subfield>
    <subfield code="c">NLR01</subfield>
    <subfield code="e">OZ1</subfield>
    <subfield code="f">1-95400</subfield>
    <subfield code="k">&#x421;1 &#x425;625/&#x41A;-634</subfield>
    <subfield code="o">0</subfield>
    <subfield code="p">37.62</subfield>
    <subfield code="r">BOOK</subfield>
    <subfield code="s">1_625634</subfield>
  </datafield>
</record>
